Second partie du Tresor des deux lengues, françoise et espagnole / (Record no. 161166)
[ view plain ]
| 000 -LEADER | |
|---|---|
| campo de control de longitud fija | 00923nam a22002415i 4500 |
| 001 - NÚMERO DE CONTROL | |
| campo de control | 161166 |
| 003 - IDENTIFICADOR DE NÚMERO DE CONTROL | |
| campo de control | ES-MaACL |
| 005 - FECHA Y HORA DE LA ÚLTIMA TRANSACCIÓN | |
| campo de control | 20230906212215.0 |
| 008 - DATOS DE LONGITUD FIJA--INFORMACIÓN GENERAL | |
| campo de control de longitud fija | 010405s1660 be |||| | fre d |
| 040 ## - FUENTE DE CATALOGACIÓN | |
| Centro catalogador/agencia de origen | AN |
| Lengua de catalogación | spa |
| Centro/agencia transcriptor | AN |
| 100 1# - ENTRADA PRINCIPAL--NOMBRE DE PERSONA | |
| Nombre de persona | Oudin, Cesar. |
| 9 (RLIN) | 130748 |
| 245 10 - MENCIÓN DEL TÍTULO | |
| Título | Second partie du Tresor des deux lengues, françoise et espagnole / |
| Mención de responsabilidad, etc. | Par Cesar Oudin... |
| 250 ## - MENCION DE EDICION | |
| Mención de edición | Nouvellement reveu et augmenté ... / Par J.M. |
| 260 ## - PUBLICACIÓN, DISTRIBUCIÓN, ETC. | |
| Lugar de publicación, distribución, etc. | A Bruxelles : |
| Nombre del editor, distribuidor, etc. | Chez Jean Mommart, ... l'imprimerie, |
| Fecha de publicación, distribución, etc. | 1660. |
| 300 ## - DESCRIPCIÓN FÍSICA | |
| Extensión | [462] p. ; |
| Dimensiones | 4º. |
| 596 #1 - NOTA AL PIE DE IMPRENTA | |
| NOTA AL PIE DE IMPRENTA | Colofón. |
| 596 #1 - NOTA AL PIE DE IMPRENTA | |
| NOTA AL PIE DE IMPRENTA | Marca tip. en port. y en colofón. |
| 597 #1 - NOTA DE DESCRIPCIÓN FÍSICA | |
| NOTA DE DESCRIPCIÓN FÍSICA | Sign.: A-Z\p8\s, 2A-2E\p8\s, 2F\p7\s. |
| 597 #1 - NOTA DE DESCRIPCIÓN FÍSICA | |
| NOTA DE DESCRIPCIÓN FÍSICA | Texto a dos col. |
| 752 ## - ENTRADA AGREGADA--NOMBRE JERÁRQUICO DEL LUGAR | |
| País o entidad superior | Bélgica - |
| Ciudad | Bruselas |
| 852 ## - LOCALIZACIÓN | |
| Ubicación | ES-MaACL |
| Número de control de estantería | R-800(2) |
| Nota libre | -- Enc. perg. |
| condición física | -- Falto de la última pag. con colofón |
| Nota libre | -- Este ejemplar tiene las sign.: A-2F\p8\s, 2G\p1\s |
| Encuadernación | Olim:G-5752 |
| Estatus retirado | Estado de pérdida | Estado de daño | No para préstamo | Colección | Biblioteca de origen | Biblioteca actual | Ubicación en estantería | Fecha de adquisición | Fuente de adquisición | Total de préstamos | Signatura topográfica completa | Código de barras | Visto por última vez | Precio de reemplazo | Tipo de ítem Koha |
|---|---|---|---|---|---|---|---|---|---|---|---|---|---|---|---|
| Libros del s. XVII | Biblioteca del Ateneo de Madrid | Biblioteca del Ateneo de Madrid | Depósito | 17/01/2008 | R-800(2) | 1168805 | 23/02/2023 | 23/02/2023 | Libro impreso antiguo |
